[Event "Championship Meridian 2015"]
[Site "?"]
[Date "2015.07.18"]
[Round "1.1"]
[White "Savchenko, Boris"]
[Black "Mikhailova, Lubov"]
[Result "1-0"]
[WhiteElo "2674"]
[BlackElo "2033"]
[PlyCount "41"]
[EventDate "2015.??.??"]

1. e4 c5 2. Nf3 e6 3. d4 cxd4 4. Nxd4 Nc6 5. Nc3 Qc7 6. Be3 a6 7. a3 Nf6 8. f4
d6 9. Qf3 Be7 10. O-O-O Bd7 11. g4 Nxd4 12. Rxd4 e5 13. Rc4 Qd8 14. g5 Ng4 15.
Nd5 Nxe3 16. Qxe3 b5 17. Rc7 exf4 18. Qc3 O-O 19. h4 Rc8 20. Rxc8 Bxc8 21. Qxc8
1-0

[Event "Championship Meridian 2015"]
[Site "?"]
[Date "2015.07.18"]
[Round "1.2"]
[White "Chernikov, Daniil"]
[Black "Smirnov, Pavel"]
[Result "1/2-1/2"]
[WhiteElo "2026"]
[BlackElo "2656"]
[PlyCount "133"]
[EventDate "2015.??.??"]

1. Nf3 Nf6 2. g3 d5 3. Bg2 e6 4. O-O Be7 5. d3 O-O 6. Nbd2 c5 7. e4 Nc6 8. c3
dxe4 9. Nxe4 Qc7 10. Bf4 e5 11. Be3 Nxe4 12. dxe4 b6 13. Qe2 a5 14. Rfd1 Ba6
15. Qc2 Rad8 16. Bf1 Bc8 17. Rxd8 Rxd8 18. Rd1 Rf8 19. Nd2 g6 20. Qb3 Na7 21.
a4 Bb7 22. Nc4 Nc8 23. f3 Kg7 24. Na3 Nd6 25. Nb5 Nxb5 26. Bxb5 Rd8 27. Rxd8
Bxd8 28. Qd1 Be7 29. Qd3 Bc8 30. Kf2 h5 31. Qd5 Be6 32. Qc6 Qd8 33. Be2 h4 34.
Qb5 hxg3+ 35. hxg3 Bd7 36. Qc4 Qe8 37. Bd1 Qh8 38. Qf1 Bc6 39. Bc2 Qh5 40. Kg2
Bg5 41. Bf2 Bd7 42. Qh1 Qxh1+ 43. Kxh1 Bd2 44. c4 f5 45. b3 Kf6 46. Kg2 Bc3 47.
Bd1 Bd4 48. Be1 g5 49. Bd2 g4 50. Bc2 Bc6 51. Bd3 Bb7 52. Bc2 gxf3+ 53. Kxf3
Kg6 54. g4 f4 55. Kg2 Kg5 56. Kh3 Be3 57. Be1 f3 58. Bh4+ Kg6 59. Kg3 f2 60.
Kg2 Bc8 61. Bd1 Bg5 62. Bxf2 Bd8 63. Bg3 Bf6 64. Kh3 Bb7 65. Bf3 Bc8 66. Bh4
Bg5 67. Kg3 1/2-1/2

[Event "Championship Meridian 2015"]
[Site "?"]
[Date "2015.07.18"]
[Round "1.3"]
[White "Maletin, Pavel"]
[Black "Tyrkalov, Pavel"]
[Result "1-0"]
[WhiteElo "2609"]
[BlackElo "2023"]
[PlyCount "71"]
[EventDate "2015.??.??"]

1. c4 f5 2. d4 e6 3. g3 Nf6 4. Bg2 Bb4+ 5. Bd2 Be7 6. Nf3 d5 7. Qb3 c6 8. O-O
Nbd7 9. Bb4 a5 10. Bxe7 Qxe7 11. Nbd2 O-O 12. Rac1 Kh8 13. Ne5 Nxe5 14. dxe5
Ng4 15. Nf3 b5 16. cxb5 cxb5 17. h3 Nh6 18. Nd4 b4 19. Rc6 f4 20. Rfc1 fxg3 21.
Qxg3 Bd7 22. Rc7 Nf5 23. Nxf5 Rxf5 24. e4 Rf7 25. exd5 Qe8 26. dxe6 Bxe6 27.
Bxa8 Qxa8 28. Rxf7 Bxf7 29. Qg4 Qd5 30. Rc8+ Bg8 31. e6 h5 32. Qe2 Kh7 33. Qc2+
Kh8 34. Rc5 Qf3 35. e7 Qxh3 36. e8=Q 1-0

[Event "Championship Meridian 2015"]
[Site "?"]
[Date "2015.07.18"]
[Round "1.4"]
[White "Antipina, Natalia"]
[Black "Goganov, Aleksey"]
[Result "0-1"]
[WhiteElo "2021"]
[BlackElo "2601"]
[PlyCount "50"]
[EventDate "2015.??.??"]

1. e4 c5 2. Nf3 Nc6 3. d4 cxd4 4. Nxd4 Qc7 5. Nc3 e6 6. Ndb5 Qb8 7. Bc4 a6 8.
Nd4 Qc7 9. Bb3 Nf6 10. O-O Nxd4 11. Qxd4 Bc5 12. Qd3 b5 13. Be3 Ng4 14. g3 Nxe3
15. fxe3 O-O 16. Rf4 Bb7 17. Raf1 Qe5 18. a3 Rad8 19. Nd1 d5 20. exd5 Bxd5 21.
Rh4 g6 22. Bxd5 Rxd5 23. Qb3 Rfd8 24. Rhf4 Rxd1 25. Rxd1 Rxd1+ 0-1

[Event "Championship Meridian 2015"]
[Site "?"]
[Date "2015.07.18"]
[Round "1.5"]
[White "Pridorozhni, Aleksei"]
[Black "Belyi, Vladimir"]
[Result "1-0"]
[WhiteElo "2582"]
[BlackElo "2013"]
[PlyCount "41"]
[EventDate "2015.??.??"]

1. e4 d6 2. d4 Nf6 3. f3 c6 4. c4 g6 5. Nc3 Bg7 6. Be3 O-O 7. Qd2 Re8 8. Nge2
Nbd7 9. g4 e5 10. d5 cxd5 11. cxd5 a5 12. Ng3 Nc5 13. h4 Qb6 14. Na4 Qc7 15.
Nxc5 dxc5 16. Rc1 b6 17. h5 Bxg4 18. fxg4 Nxg4 19. Be2 Nxe3 20. Qxe3 f5 21.
exf5 1-0

[Event "Championship Meridian 2015"]
[Site "?"]
[Date "2015.07.18"]
[Round "1.6"]
[White "Petrenko, Andrey Yu"]
[Black "Shomoev, Anton"]
[Result "0-1"]
[WhiteElo "2011"]
[BlackElo "2580"]
[PlyCount "66"]
[EventDate "2015.??.??"]

1. e4 g6 2. d4 Bg7 3. c4 c5 4. Nf3 d6 5. Nc3 Nc6 6. Be3 Qb6 7. Nd5 Qa5+ 8. Bd2
Qd8 9. Bc3 Bg4 10. dxc5 Bxc3+ 11. Nxc3 dxc5 12. Be2 e6 13. Ng1 Bxe2 14. Ngxe2
Nf6 15. f3 Ne5 16. Qa4+ Ke7 17. O-O Qd3 18. b3 Rhd8 19. Kf2 Qd2 20. h3 Rd3 21.
Rac1 Qe3+ 22. Kg3 Rd2 23. Rce1 Nd3 24. Qb5 b6 25. Qc6 Rd8 26. Rd1 Rxe2 27. Nxe2
Qxe2 28. Kh2 Qe3 29. e5 Qxe5+ 30. Kh1 Nh5 31. Kg1 Ng3 32. Rxd3 Rxd3 33. Rb1
Ne2+ 0-1

[Event "Championship Meridian 2015"]
[Site "?"]
[Date "2015.07.18"]
[Round "1.7"]
[White "Rozum, Ivan"]
[Black "Li, Albert"]
[Result "1-0"]
[WhiteElo "2579"]
[BlackElo "2010"]
[PlyCount "87"]
[EventDate "2015.??.??"]

1. d4 d5 2. c4 e6 3. Nf3 Nf6 4. g3 c6 5. Bg2 Bb4+ 6. Bd2 Qa5 7. O-O Nbd7 8. a3
Bxd2 9. Nbxd2 O-O 10. Qc2 Rb8 11. Rfe1 Re8 12. b4 Qd8 13. e4 dxe4 14. Nxe4 Nxe4
15. Qxe4 Nf8 16. Rad1 Bd7 17. h4 Qf6 18. Ne5 Rbd8 19. Rd3 Qe7 20. c5 Bc8 21.
Rf3 f6 22. Nc4 Rd7 23. Nd6 Red8 24. Rd3 Rc7 25. Qe2 Bd7 26. a4 a6 27. Re3 Be8
28. Qa2 Bf7 29. d5 e5 30. f4 Rxd6 31. cxd6 Qxd6 32. fxe5 fxe5 33. Rxe5 Qxb4 34.
Kh2 Rd7 35. Rf1 Qd4 36. Ref5 g6 37. Rxf7 Rxf7 38. Rxf7 Kxf7 39. dxc6+ Kg7 40.
cxb7 Qb4 41. Qa1+ Kf7 42. Bd5+ Ke7 43. Qe5+ Kd7 44. b8=Q 1-0

[Event "Championship Meridian 2015"]
[Site "?"]
[Date "2015.07.18"]
[Round "1.8"]
[White "I, En Bok"]
[Black "Kokarev, Dmitry"]
[Result "0-1"]
[WhiteElo "2006"]
[BlackElo "2575"]
[PlyCount "80"]
[EventDate "2015.??.??"]

1. e4 c5 2. Nf3 d6 3. d4 cxd4 4. Nxd4 Nf6 5. Nc3 a6 6. Be2 e5 7. Nb3 Be7 8. O-O
O-O 9. Kh1 Nc6 10. f4 b5 11. Qd3 Bb7 12. a3 Rc8 13. Nd5 exf4 14. Bxf4 Ne5 15.
Bxe5 dxe5 16. Rad1 Bxd5 17. exd5 Bd6 18. Bf3 Nd7 19. Bg4 Nc5 20. Nxc5 Rxc5 21.
Rf3 g6 22. Rh3 f5 23. Be2 e4 24. Qd2 Qf6 25. c3 Rd8 26. b4 Rc7 27. a4 Be5 28.
axb5 axb5 29. Bxb5 Rxc3 30. Qh6 Rxh3 31. Qxh3 Qb6 32. Qh4 Bf6 33. Qe1 Qxb5 34.
d6 Rd7 35. Qd2 Kg7 36. h3 Be5 37. Qa2 Rxd6 38. Qa7+ Kh6 39. Rb1 Qd3 40. Qg1 Rd5
0-1

[Event "Championship Meridian 2015"]
[Site "?"]
[Date "2015.07.18"]
[Round "1.9"]
[White "Bocharov, Dmitry"]
[Black "Lavrinenko, Aleksandr"]
[Result "1-0"]
[WhiteElo "2530"]
[BlackElo "2004"]
[PlyCount "79"]
[EventDate "2015.??.??"]

1. c4 g6 2. d4 Nf6 3. f3 Bg7 4. e4 d6 5. Be3 O-O 6. Ne2 c5 7. Qd2 Nc6 8. d5 Ne5
9. Nec3 e6 10. Be2 exd5 11. cxd5 Re8 12. O-O a6 13. a4 Rb8 14. h3 Nh5 15. f4
Nd7 16. Bxh5 gxh5 17. Na3 Bxc3 18. bxc3 Rxe4 19. f5 Qe8 20. Bh6 f6 21. Qf2 Kh8
22. Qg3 Qe7 23. Rae1 Rxe1 24. Rxe1 Ne5 25. Nc4 Bxf5 26. Nxd6 Bg6 27. Nc4 Re8
28. Kh1 b5 29. d6 Qe6 30. axb5 axb5 31. Nxe5 fxe5 32. Rd1 Kg8 33. Qg5 Qd7 34.
Qe3 c4 35. Kh2 Re6 36. Qf3 Re8 37. Qd5+ Bf7 38. Qc5 Bg6 39. Rf1 Re6 40. Rf8#
1-0

[Event "Championship Meridian 2015"]
[Site "?"]
[Date "2015.07.18"]
[Round "1.10"]
[White "Kosenok, Anton"]
[Black "Papin, Vasily"]
[Result "0-1"]
[WhiteElo "1955"]
[BlackElo "2518"]
[PlyCount "60"]
[EventDate "2015.??.??"]

1. e4 c5 2. Nc3 a6 3. g3 b5 4. Bg2 Bb7 5. d3 e6 6. f4 d5 7. exd5 exd5 8. Nf3
Nf6 9. O-O Be7 10. a4 b4 11. Ne2 d4 12. Kh1 a5 13. c3 dxc3 14. bxc3 O-O 15. d4
c4 16. Bd2 Nbd7 17. h3 Nb6 18. g4 b3 19. Ng3 Ne4 20. Nxe4 Bxe4 21. Re1 Bc2 22.
Qe2 b2 23. Rab1 Bxb1 24. Rxb1 Ba3 25. Ne5 Rc8 26. f5 Qe8 27. Qf2 f6 28. Nf3
Qxa4 29. Bf4 Nd5 30. Bd2 Qc2 0-1

[Event "Championship Meridian 2015"]
[Site "?"]
[Date "2015.07.18"]
[Round "2.1"]
[White "Daudov, Dmitriy"]
[Black "Savchenko, Boris"]
[Result "0-1"]
[WhiteElo "2288"]
[BlackElo "2674"]
[PlyCount "58"]
[EventDate "2015.??.??"]

1. e4 c5 2. Nf3 Nc6 3. Bb5 g6 4. O-O Bg7 5. c3 Nf6 6. e5 Nd5 7. d4 cxd4 8. cxd4
d6 9. Nc3 Nc7 10. Bxc6+ bxc6 11. Qa4 Bd7 12. exd6 exd6 13. Re1+ Ne6 14. Bf4 d5
15. Qa3 f6 16. Rac1 Kf7 17. Bd6 Re8 18. Na4 Bh6 19. Rcd1 Qa5 20. b4 Qa6 21. Bc5
Nxc5 22. dxc5 Bg4 23. Qb3 Bxf3 24. gxf3 Bf4 25. Nc3 Qc8 26. Rxe8 Qh3 27. Ne4
Bxh2+ 28. Kh1 Bf4+ 29. Kg1 Rxe8 0-1

[Event "Championship Meridian 2015"]
[Site "?"]
[Date "2015.07.18"]
[Round "2.2"]
[White "Lian, Yury"]
[Black "Maletin, Pavel"]
[Result "0-1"]
[WhiteElo "2256"]
[BlackElo "2609"]
[PlyCount "54"]
[EventDate "2015.??.??"]

1. e4 c5 2. Nc3 Nc6 3. f4 g6 4. Nf3 Bg7 5. Be2 e6 6. O-O Nge7 7. d3 O-O 8. Qe1
Nd4 9. Bd1 Nec6 10. Ne2 Nxf3+ 11. Rxf3 d5 12. c3 b6 13. Bc2 Bb7 14. f5 dxe4 15.
dxe4 exf5 16. exf5 Ne5 17. Rg3 Re8 18. Qf2 Ba6 19. Nf4 Qd6 20. Be3 Rad8 21. Re1
Nd3 22. Nxd3 Bxd3 23. Bxd3 Qxd3 24. fxg6 hxg6 25. Bg5 Rxe1+ 26. Qxe1 Qd1 27.
Re3 f6 0-1

[Event "Championship Meridian 2015"]
[Site "?"]
[Date "2015.07.18"]
[Round "2.3"]
[White "Goganov, Aleksey"]
[Black "Muratov, Sergey"]
[Result "1-0"]
[WhiteElo "2601"]
[BlackElo "2270"]
[PlyCount "46"]
[EventDate "2015.??.??"]

1. d4 d5 2. c4 c6 3. Nf3 Nf6 4. e3 e6 5. Bd3 Nbd7 6. b3 Be7 7. O-O O-O 8. Bb2
a5 9. Nc3 Re8 10. Qe2 Bf8 11. Rad1 Qc7 12. e4 dxe4 13. Nxe4 Nxe4 14. Qxe4 f5
15. Qe2 Nf6 16. Ne5 c5 17. d5 a4 18. Rfe1 axb3 19. axb3 Ra6 20. Qc2 Nd7 21. Nf3
Nf6 22. Bxf6 gxf6 23. Bxf5 Re7 1-0

[Event "Championship Meridian 2015"]
[Site "?"]
[Date "2015.07.18"]
[Round "2.4"]
[White "Golubkov, Anton"]
[Black "Pridorozhni, Aleksei"]
[Result "0-1"]
[WhiteElo "2229"]
[BlackElo "2582"]
[PlyCount "69"]
[EventDate "2015.??.??"]

1. d4 d6 2. e4 Nf6 3. Nc3 g6 4. f4 Bg7 5. Nf3 O-O 6. Bd3 c5 7. dxc5 dxc5 8. O-O
Nc6 9. e5 Nd5 10. Nxd5 Qxd5 11. Bb5 Be6 12. Qxd5 Bxd5 13. Be3 Rfc8 14. c3 a6
15. Be2 c4 16. Rad1 e6 17. Nd4 Nxd4 18. Bxd4 b5 19. Bf3 Bxf3 20. Rxf3 Rd8 21.
Rf2 Rd5 22. Rfd2 Rad8 23. Be3 f6 24. Rxd5 Rxd5 25. Rxd5 exd5 26. exf6 Bxf6 27.
Bc5 h5 28. Kf2 Kf7 29. Ke3 Ke6 30. g3 Kf5 31. h3 g5 32. Bd6 gxf4+ 33. Bxf4 b4
34. cxb4 Bxb2 35. a4 0-1

[Event "Championship Meridian 2015"]
[Site "?"]
[Date "2015.07.18"]
[Round "2.5"]
[White "Shomoev, Anton"]
[Black "Pavlovskiy, Mikhail"]
[Result "1-0"]
[WhiteElo "2580"]
[BlackElo "2230"]
[PlyCount "57"]
[EventDate "2015.??.??"]

1. e4 e5 2. Nf3 Nc6 3. Bb5 a6 4. Ba4 Nf6 5. O-O d6 6. Re1 Be7 7. c3 O-O 8. d4
b5 9. Bc2 Bb7 10. Nbd2 Re8 11. Nf1 Bf8 12. Ng3 g6 13. b3 Bg7 14. d5 Ne7 15. c4
bxc4 16. bxc4 Nd7 17. Rb1 Nc5 18. Be3 Rb8 19. Qd2 Nc8 20. Qa5 Nb6 21. Nd2 Nbd7
22. Nb3 c6 23. Qa3 cxd5 24. cxd5 Qc7 25. Nxc5 Nxc5 26. Nf1 Rec8 27. Nd2 Bf8 28.
h3 Qd7 29. Nc4 1-0

[Event "Championship Meridian 2015"]
[Site "?"]
[Date "2015.07.18"]
[Round "2.7"]
[White "Kokarev, Dmitry"]
[Black "Zheltov, Roman"]
[Result "1-0"]
[WhiteElo "2575"]
[BlackElo "2222"]
[PlyCount "68"]
[EventDate "2015.??.??"]

1. e4 e6 2. d4 d5 3. Nc3 dxe4 4. Nxe4 Bd7 5. Nf3 Bc6 6. Bd3 Bxe4 7. Bxe4 c6 8.
c3 Nf6 9. Bc2 Nbd7 10. Qe2 Bd6 11. O-O Qc7 12. Re1 Bf4 13. Bxf4 Qxf4 14. Ne5
Nxe5 15. dxe5 Nd5 16. Rad1 Qg5 17. g3 Rd8 18. Rd4 g6 19. Red1 O-O 20. h4 Qe7
21. Be4 Nb6 22. Qd3 Rxd4 23. Qxd4 Rc8 24. b3 Rc7 25. Qd8+ Qxd8 26. Rxd8+ Kg7
27. c4 Rd7 28. Rb8 Rc7 29. f4 Nd7 30. Ra8 a6 31. Kf2 f6 32. exf6+ Nxf6 33. Bf3
Rd7 34. Ke3 h5 1-0

[Event "Championship Meridian 2015"]
[Site "?"]
[Date "2015.07.18"]
[Round "2.8"]
[White "Obodenko, Amir"]
[Black "Bocharov, Dmitry"]
[Result "0-1"]
[WhiteElo "2153"]
[BlackElo "2530"]
[PlyCount "58"]
[EventDate "2015.??.??"]

1. e4 c5 2. Nf3 e6 3. d4 cxd4 4. Nxd4 a6 5. Be3 Nf6 6. Nc3 Qc7 7. f3 b5 8. Be2
Bb7 9. O-O Be7 10. Qd2 O-O 11. Rad1 Nc6 12. Kh1 Ne5 13. Bf4 d6 14. a4 b4 15.
Na2 d5 16. Bxe5 Qxe5 17. f4 Qc7 18. e5 Ne4 19. Qe3 Bc5 20. c3 bxc3 21. Nxc3 Qb6
22. Bf3 Rfd8 23. a5 Qxa5 24. Nxe4 dxe4 25. Bxe4 Bxe4 26. Qxe4 Qb4 27. Rd3 Rac8
28. Rc1 Bxd4 29. Rcd1 Qxb2 0-1

[Event "Championship Meridian 2015"]
[Site "?"]
[Date "2015.07.18"]
[Round "2.9"]
[White "Papin, Vasily"]
[Black "Feduk, Viktor"]
[Result "1-0"]
[WhiteElo "2518"]
[BlackElo "2208"]
[PlyCount "45"]
[EventDate "2015.??.??"]

1. c4 Nf6 2. g3 e6 3. Bg2 d5 4. Nf3 c5 5. cxd5 exd5 6. d4 Nc6 7. O-O Be7 8. Nc3
O-O 9. b3 Be6 10. Bb2 a6 11. Rc1 Rc8 12. dxc5 Bxc5 13. Ng5 Be7 14. Nxe6 fxe6
15. e3 Qd6 16. Qd2 b5 17. Rcd1 Qb4 18. Bh3 Nd8 19. Rc1 Rc6 20. Rfd1 Ne4 21.
Nxe4 Qxe4 22. Rxc6 Nxc6 23. Qd3 1-0

[Event "Championship Meridian 2015"]
[Site "?"]
[Date "2015.07.18"]
[Round "2.10"]
[White "Shukin, Andrey"]
[Black "Yanchenko, Roman"]
[Result "1/2-1/2"]
[WhiteElo "2142"]
[BlackElo "2457"]
[PlyCount "55"]
[EventDate "2015.??.??"]

1. d4 Nf6 2. Nf3 e6 3. g3 d5 4. Bg2 Be7 5. c4 O-O 6. O-O Nbd7 7. Qc2 c6 8. b3
b6 9. Rd1 Ba6 10. Nbd2 Rc8 11. e4 dxe4 12. Nxe4 Nxe4 13. Qxe4 Nf6 14. Qe1 b5
15. Ne5 bxc4 16. bxc4 Bb7 17. Rb1 Ba8 18. Bd2 Bd6 19. Bg5 Re8 20. Ng4 Be7 21.
Nxf6+ Bxf6 22. Bxf6 Qxf6 23. Qa5 Re7 24. Rb3 Rd7 25. Rf3 Qe7 26. Rfd3 Rcd8 27.
d5 g6 28. d6 1/2-1/2

[Event "Championship Meridian 2015"]
[Site "?"]
[Date "2015.07.18"]
[Round "3.1"]
[White "Savchenko, Boris"]
[Black "Keosidi, Konstantin"]
[Result "1-0"]
[WhiteElo "2674"]
[BlackElo "2418"]
[PlyCount "37"]
[EventDate "2015.??.??"]

1. e4 d6 2. d4 Nf6 3. Nc3 e5 4. Nf3 Nbd7 5. Bc4 Be7 6. O-O O-O 7. a4 c6 8. Ba2
b6 9. Bg5 Bb7 10. dxe5 dxe5 11. Nh4 g6 12. Bh6 Re8 13. Nf3 Bf8 14. Ng5 Re7 15.
Bxf8 Qxf8 16. f4 Nh5 17. Nxf7 Kg7 18. fxe5 Qb8 19. Qd2 1-0

[Event "Championship Meridian 2015"]
[Site "?"]
[Date "2015.07.18"]
[Round "3.2"]
[White "Maletin, Pavel"]
[Black "Babiy, Anatoly"]
[Result "0-1"]
[WhiteElo "2609"]
[BlackElo "2364"]
[PlyCount "118"]
[EventDate "2015.??.??"]

1. c4 c5 2. Nf3 b6 3. e4 Bb7 4. Nc3 e6 5. d4 cxd4 6. Nxd4 a6 7. Be2 Nf6 8. f3
Qc7 9. Be3 Bd6 10. g3 Be7 11. O-O O-O 12. Rc1 d6 13. b4 Nbd7 14. Nb3 Rac8 15.
Qd2 Qb8 16. a3 Bd8 17. Rfd1 Bc7 18. Bf2 Rfe8 19. Na4 h6 20. Bf1 Qa8 21. Nd4 Ne5
22. Be2 Red8 23. Nb2 Qb8 24. Qe3 Re8 25. Qb3 Kh8 26. Nd3 Nxd3 27. Bxd3 Bd8 28.
Bf1 Be7 29. Nc2 Kg8 30. Ne3 Bf8 31. Rc2 Qc7 32. Rcd2 Nd7 33. Qb1 Ne5 34. Be2
Red8 35. f4 Nd7 36. Bf3 Nf6 37. Bg2 Qb8 38. Rd4 Re8 39. h3 b5 40. cxb5 axb5 41.
Nf1 Qa8 42. g4 e5 43. fxe5 dxe5 44. Rd5 Nxd5 45. exd5 Red8 46. Qb3 Rc4 47. Ne3
Rd4 48. Re1 g6 49. Bg3 Bg7 50. Rf1 Rd7 51. Rc1 e4 52. Bf2 Rd3 53. Qc2 Bxd5 54.
Qc8+ Qxc8 55. Rxc8+ Kh7 56. Nxd5 R3xd5 57. Bxe4 Re5 58. Bc2 Re2 59. Bb3 Rb2 0-1

[Event "Championship Meridian 2015"]
[Site "?"]
[Date "2015.07.18"]
[Round "3.3"]
[White "Sek, Konstantin"]
[Black "Goganov, Aleksey"]
[Result "0-1"]
[WhiteElo "2445"]
[BlackElo "2601"]
[PlyCount "80"]
[EventDate "2015.??.??"]

1. e4 e5 2. Nf3 Nc6 3. Bb5 Nf6 4. Qe2 Bc5 5. Bxc6 bxc6 6. Nxe5 O-O 7. d3 d5 8.
c3 Ba6 9. Be3 Nxe4 10. Nxc6 Qd6 11. Nd4 Bxd4 12. cxd4 Qb4+ 13. Nc3 Nxc3 14. Qd2
Bxd3 15. bxc3 Qc4 16. f3 Rab8 17. Kf2 Rb6 18. Rhd1 Bg6 19. Bf4 Rfb8 20. Qe2 Rb2
21. Rd2 Qxc3 22. Rad1 h5 23. Rxb2 Rxb2 24. Rd2 Rb1 25. Rd1 Rb6 26. Rc1 Qxd4+
27. Be3 Qh4+ 28. Kg1 d4 29. Qf2 Qxf2+ 30. Bxf2 c5 31. h4 d3 32. Be3 Rb2 33. Kf1
Rxa2 34. Rxc5 a5 35. g4 hxg4 36. fxg4 Be4 37. Re5 Bg2+ 38. Ke1 Re2+ 39. Kd1 Bf3
40. Rxa5 Ra2+ 0-1

[Event "Championship Meridian 2015"]
[Site "?"]
[Date "2015.07.18"]
[Round "3.4"]
[White "Pridorozhni, Aleksei"]
[Black "Sutormin, Danila"]
[Result "1-0"]
[WhiteElo "2582"]
[BlackElo "2332"]
[PlyCount "79"]
[EventDate "2015.??.??"]

1. e4 c5 2. Nc3 Nc6 3. Bb5 g6 4. Bxc6 dxc6 5. d3 Bg7 6. f4 e5 7. Nf3 Bg4 8. h3
Bxf3 9. Qxf3 exf4 10. Bxf4 Ne7 11. O-O O-O 12. Kh1 Qd7 13. Rae1 Rae8 14. Qg3 b6
15. Qh4 f5 16. Bh6 fxe4 17. dxe4 Qe6 18. Bxg7 Kxg7 19. Rxf8 Rxf8 20. Rd1 Qe5
21. Kg1 c4 22. Ne2 Rf7 23. c3 Ng8 24. Nd4 Nf6 25. Re1 g5 26. Nf3 gxh4 27. Nxe5
Re7 28. Nxc6 Rxe4 29. Rxe4 Nxe4 30. Nxa7 Nc5 31. Nc8 Na4 32. b3 cxb3 33. axb3
b5 34. bxa4 bxa4 35. Nd6 a3 36. Nf5+ Kf6 37. Nd4 Ke5 38. Kf2 a2 39. Nc2 Kd5 40.
Ke2 1-0

[Event "Championship Meridian 2015"]
[Site "?"]
[Date "2015.07.18"]
[Round "3.5"]
[White "Emeliantsev, Anatoliy"]
[Black "Shomoev, Anton"]
[Result "1/2-1/2"]
[WhiteElo "2354"]
[BlackElo "2580"]
[PlyCount "112"]
[EventDate "2015.??.??"]

1. d4 g6 2. c4 Bg7 3. Nc3 c5 4. e3 Nf6 5. Nf3 O-O 6. Be2 cxd4 7. Nxd4 Nc6 8.
O-O d5 9. Nxc6 bxc6 10. Bd2 e5 11. cxd5 cxd5 12. f4 d4 13. fxe5 dxc3 14. exf6
cxd2 15. fxg7 Kxg7 16. Qb3 Qd6 17. Rad1 Kg8 18. Qc3 Rd8 19. Bf3 Ba6 20. Rf2
Rac8 21. Rfxd2 Qb6 22. Rxd8+ Rxd8 23. Rxd8+ Qxd8 24. Qd4 Qa5 25. h3 Bc8 26. Bd5
Be6 27. Bxe6 fxe6 28. a3 Qc7 29. Qc3 Qd7 30. Qd4 Qc7 31. Qc3 Qd7 32. e4 h5 33.
Qf6 Kh7 34. e5 Qd4+ 35. Qf2 Qd7 36. Kh2 Qc7 37. Qd4 g5 38. Qd6 Qf7 39. Qd3+ Kh6
40. Qe3 h4 41. g3 hxg3+ 42. Kxg3 Qf5 43. b4 Kg6 44. b5 Qb1 45. a4 Qb4 46. Qd3+
Kh6 47. Qd6 Qf4+ 48. Kg2 Qe4+ 49. Kf2 Qf5+ 50. Kg2 Qc2+ 51. Kg3 Qb3+ 52. Kg2
Qb2+ 53. Kg3 Qc3+ 54. Kg2 Qc2+ 55. Kg3 Qb3+ 56. Kg2 Qc2+ 1/2-1/2

[Event "Championship Meridian 2015"]
[Site "?"]
[Date "2015.07.18"]
[Round "3.6"]
[White "Rozum, Ivan"]
[Black "Rychkov, Oleg"]
[Result "1-0"]
[WhiteElo "2579"]
[BlackElo "2329"]
[PlyCount "73"]
[EventDate "2015.??.??"]

1. d4 Nf6 2. c4 c6 3. Bf4 g6 4. Nc3 d5 5. e3 Bg7 6. Nf3 O-O 7. h3 a6 8. a4 Nbd7
9. cxd5 Nxd5 10. Nxd5 cxd5 11. Bd3 Qa5+ 12. Qd2 Qxd2+ 13. Kxd2 f6 14. Bg3 e5
15. Bc2 Nb6 16. b3 Be6 17. a5 Nd7 18. b4 Rfc8 19. Rab1 e4 20. Ng1 Bf8 21. Ne2
Rc4 22. Nf4 Bf7 23. Bb3 Bxb4+ 24. Ke2 Rc6 25. Nxd5 Ba3 26. Ra1 Bf8 27. Rhc1
Rac8 28. Kd2 Kg7 29. Ba2 Ba3 30. Rxc6 bxc6 31. Nb6 Bb4+ 32. Kc2 Rd8 33. Bxf7
Kxf7 34. Bc7 Re8 35. Nxd7 Re7 36. Nb8 Rxc7 37. Nxa6 1-0

[Event "Championship Meridian 2015"]
[Site "?"]
[Date "2015.07.18"]
[Round "3.7"]
[White "Borodinov, Dmitri"]
[Black "Kokarev, Dmitry"]
[Result "0-1"]
[WhiteElo "2331"]
[BlackElo "2575"]
[PlyCount "62"]
[EventDate "2015.??.??"]

1. d4 Nf6 2. Bg5 Ne4 3. Bf4 c5 4. f3 Nf6 5. dxc5 b6 6. c6 Nxc6 7. e4 e5 8. Bg5
h6 9. Bxf6 Qxf6 10. Nc3 Bb4 11. Qd2 O-O 12. Bc4 Bb7 13. Nge2 Rac8 14. a3 Bxc3
15. Nxc3 Nd4 16. Ba2 Qh4+ 17. Kd1 Rc5 18. Rc1 Rfc8 19. Bb3 Ba6 20. Qe3 Qf6 21.
Ke1 Kh8 22. h4 Qg6 23. Kf2 f5 24. h5 Qf6 25. exf5 Nxf5 26. Qd2 Bb7 27. Nd5 Qd6
28. Rhd1 Nd4 29. Ne3 Qf6 30. Ba2 Bxf3 31. Kg1 Ne2+ 0-1

[Event "Championship Meridian 2015"]
[Site "?"]
[Date "2015.07.18"]
[Round "3.8"]
[White "Bocharov, Dmitry"]
[Black "Tugarin, Anton"]
[Result "1/2-1/2"]
[WhiteElo "2530"]
[BlackElo "2121"]
[PlyCount "124"]
[EventDate "2015.??.??"]

1. c4 c6 2. Nf3 d5 3. e3 Nf6 4. Nc3 a6 5. b3 Bg4 6. h3 Bh5 7. g4 Bg6 8. Ne5
Nbd7 9. Nxg6 hxg6 10. cxd5 Nxd5 11. Bb2 e6 12. Bg2 N7f6 13. Ne2 a5 14. a3 Bd6
15. Qc2 e5 16. Ng3 Qe7 17. g5 Nd7 18. h4 Nc5 19. Ne4 Nxe4 20. Bxe4 Nc7 21. Ke2
Rd8 22. Qc4 Ne6 23. Bc3 Bc7 24. f3 Nc5 25. Bc2 b5 26. Qg4 Ne6 27. Be4 Qd6 28.
b4 a4 29. Rac1 Bb6 30. Qg3 Bc7 31. d3 c5 32. Rhd1 O-O 33. bxc5 Nxc5 34. Bb4 Bb6
35. Qg4 Rfe8 36. h5 Rc8 37. hxg6 fxg6 38. d4 exd4 39. Rxd4 Qh2+ 40. Kd1 Qh1+
41. Be1 Nxe4 42. Rxc8 Nf2+ 43. Kc2 Nxg4 44. Rxe8+ Kf7 45. Rde4 Nxe3+ 46. Rxe3
Bxe3 47. Rxe3 Qg2+ 48. Bd2 Qf1 49. Rd3 Qa1 50. f4 Qa2+ 51. Kd1 Qc4 52. Re3 Qd5
53. Ke2 Qg2+ 54. Kd3 Qf1+ 55. Kc2 Qc4+ 56. Kd1 Kg8 57. Re8+ Kh7 58. Re3 Qf1+
59. Kc2 Qc4+ 60. Kd1 Qc6 61. Rd3 Qh1+ 62. Ke2 Qe4+ 1/2-1/2

[Event "Championship Meridian 2015"]
[Site "?"]
[Date "2015.07.18"]
[Round "3.9"]
[White "Kravtsov, Sergey"]
[Black "Papin, Vasily"]
[Result "0-1"]
[WhiteElo "2308"]
[BlackElo "2518"]
[PlyCount "144"]
[EventDate "2015.??.??"]

1. e4 c5 2. f4 d5 3. exd5 Qxd5 4. Nc3 Qd6 5. Nf3 Nc6 6. d4 cxd4 7. Nb5 Qd8 8.
Nbxd4 Nxd4 9. Qxd4 Qxd4 10. Nxd4 a6 11. Be2 g6 12. Bf3 Bg7 13. c3 Nf6 14. O-O
O-O 15. h3 Rb8 16. Be3 Bd7 17. Rad1 Rfc8 18. g4 e6 19. Nb3 Bc6 20. Ba7 Ra8 21.
Bd4 Nd5 22. Bxg7 Kxg7 23. Rd4 Ne3 24. Rf2 Bxf3 25. Rxf3 Nc4 26. Rf2 Rc7 27. Nc1
Rac8 28. Re2 b5 29. Nd3 a5 30. a3 Rb8 31. Kf2 Nb6 32. Re5 Nc4 33. Re2 h6 34.
Kf3 g5 35. Ne5 Nb6 36. Nd3 Nd7 37. h4 gxf4 38. Nxf4 Rbb7 39. Nd3 Nb6 40. Nf4
Nc4 41. Nh5+ Kg6 42. Nf4+ Kh7 43. Nh5 Rc5 44. Kg3 Re5 45. Rf2 Ne3 46. Kf4 Nc4
47. Rxc4 Rxh5 48. gxh5 bxc4 49. Ke5 Kg7 50. Rg2+ Kf8 51. Kf6 Rb5 52. Rf2 Rxh5
53. a4 Rxh4 54. Rd2 Rf4+ 55. Ke5 Rf5+ 56. Ke4 Rd5 57. Rh2 h5 58. Ke3 f5 59. Rh4
Rd3+ 60. Ke2 Rg3 61. Rxc4 Rg2+ 62. Kf3 Rxb2 63. Rc7 Ra2 64. Kf4 Rxa4+ 65. Ke5
Re4+ 66. Kf6 Ke8 67. Rh7 h4 68. c4 a4 69. c5 Kd8 70. c6 Kc8 71. Ra7 h3 72. Rh7
Re3 0-1

[Event "Championship Meridian 2015"]
[Site "?"]
[Date "2015.07.18"]
[Round "3.10"]
[White "Zherebtsova, Alexandra"]
[Black "Zablotsky, Sergei"]
[Result "0-1"]
[WhiteElo "2140"]
[BlackElo "2455"]
[PlyCount "68"]
[EventDate "2015.??.??"]

1. d4 d6 2. Nf3 Nf6 3. b3 g6 4. Bb2 Bg7 5. e3 O-O 6. Be2 Nbd7 7. O-O c5 8. Nbd2
Qc7 9. c4 e6 10. e4 a6 11. Qc2 cxd4 12. Nxd4 b6 13. Rfe1 Bb7 14. Bf1 Rac8 15.
f3 e5 16. Ne2 d5 17. Ba3 Rfe8 18. exd5 Nxd5 19. Ne4 Ne3 20. Qd2 Nxf1 21. Rxf1
Nc5 22. Nxc5 bxc5 23. Rad1 e4 24. fxe4 Rxe4 25. Ng3 Rd4 26. Qe2 Qc6 27. Bb2 Re8
28. Qf2 f5 29. Rfe1 Rxd1 30. Rxd1 Bxb2 31. Qxb2 f4 32. Nf1 f3 33. Rd5 Qe6 34.
Rxc5 fxg2 0-1